01416nam a2200301 a 450000100060000000300080000600500170001400800410003103500190007204000370009104100080012808200240013610000250016024501070018526000720029230000260036449000650039050400360045565000170049165000300050870000480053883000730058694200120065999900170067195201390068895201430082795201440097021846BD-RjUL20211209000733.0170118s19491946N 001 0 eng d a(BD-RjUL)21911 aDLCcMNSdMNSdDLCdBD-RjULbeng aeng 223a305.4bKLF 19491 aKlein, Viola.96744714aThe feminine character :bhistory of an ideology /cby Viola Klein. With a foreword by Karl Mannheim. aNew york :bInternational university press,c1946 [reprinting 1949] axiv, 228 p. ;c22 cm.0 aInternational library of sociology and social reconstruction aincludes Bibliography and index 0aWomen967448 0aFemmes9150xPsychologie. a Mannheim, Karl With a foreword by9138430 aInternational library of sociology and social reconstruction9170562 2ddccBK c21846d21846 00102ddc40708NFICaRUCLbRUCLcStackd1958-02-28eU.S.I.S daccag0.00l0o305.4 KLF 1949r2014-03-05 00:00:00tC-3w2021-12-09yBK 00102ddc40708NFICaRUCLbRUCLcStackd1955-09-22eB. H. Blackwellg105.00l0o305.4 KLF 1946r2016-07-24 00:00:00tC-2w2021-12-09yBK 00102ddc40718NFICaRUCLbRUCLcReadingd1955-02-10eU.B.D., Rajshahig8.12l0o305.4 KLF 1946r2017-01-16 00:00:00tC-1w2021-12-09yBK